| 000 | 00425nam a2200169Ia 4500 | ||
|---|---|---|---|
| 008 | 180921t1980 xxu||||| |||| 00| 0 eng d | ||
| 041 | _aeng | ||
| 080 |
_a581.13 _bDES |
||
| 100 | _aDe Silva, M.A.T. | ||
| 245 | _aMineral nutrition of plants | ||
| 260 |
_bNational science council _aColombo _c1980 |
||
| 300 | _a53p., 22 cm | ||
| 650 | _aSoil | ||
| 942 | _cBK | ||
| 999 |
_c14701 _d14701 |
||
| 003 | LK-CoDNM | ||
| 040 |
_aLK-CoDNM _dLK-CoDNM _eLK-CoDNM |
||